La separación de poderes. Un estudio desde el derecho comparado.
Guardat en:
| Autor principal: | |
|---|---|
| Format: | Desconegut |
| Publicat: |
Buenos Aires, Argentina:
Cathedra Jurídica,
2019.
|
| Matèries: | |
| Etiquetes: |
Afegir etiqueta
Sense etiquetes, Sigues el primer a etiquetar aquest registre!
|
MARC
| LEADER | 00000 a2200000 4500 | ||
|---|---|---|---|
| 003 | CL-VaPUC | ||
| 005 | 20230529153813.0 | ||
| 008 | 230523t2019 ||||| |||| 00| 0 eng d | ||
| 999 | |c 440940 |d 440938 | ||
| 020 | |a 978-987-3886-56-0 | ||
| 040 | |c Pontificia Universidad Católica de Valparaíso | ||
| 082 | 7 | |a 340.2 BIA 2019 |2 22 | |
| 100 | |a Bianchi, Alberto B. |9 882466 |e autor | ||
| 245 | 1 | 3 | |a La separación de poderes. |b Un estudio desde el derecho comparado. |
| 260 | |a Buenos Aires, Argentina: |b Cathedra Jurídica, |c 2019. | ||
| 300 | |a 468 páginas. | ||
| 583 | |k GC |c 20230523 | ||
| 650 | 0 | |a Derecho comparado |9 255664 | |
| 650 | 0 | |a Derecho constitucional |9 222588 | |
| 942 | |2 ddc |c BK | ||
| 952 | |0 0 |1 0 |2 ddc |4 0 |6 340_200000000000000_BIA_2019 |7 0 |8 A |9 590144 |a BIBDER |b BIBDER |c GEN |d 2023-05-23 |e 22 |g 35700.00 |i 5657501 |o 340.2 BIA 2019 |p 5657501 |r 2023-05-23 |t 1 |v 35700.00 |w 2023-05-23 |y BK |k DER | ||